000 00548nam a2200181 i 4500
003 IT-RoINE
005 20200626064803.0
008 160831s2016 sp r 000 |aspa d
020 _a9788490551240
040 _aSpMaBN
_cSpMaBN IT-RoINE
_dIT-RoINE
100 1 _aSebastián Aguilar, Fernando,
_cCardenal,
_d1929-2019
_915434
245 1 0 _aMemorias con esperanza /
_cCardenal Fernando Sebastián.
260 _aMadrid :
_bEncuentro,
_c2016.
300 _a469 p. ;
_c22 cm.
490 1 _a100xuno ;
_v2
830 0 _959119
_a100xUNO ;
_v2
942 _cMTS
999 _c34530
_d34530